Thủ thuật và phẫu thuật Sản khoa

Salvato in:
Dettagli Bibliografici
Autore principale: Đinh Văn Thắng
Natura: Libro
Lingua:Undetermined
Pubblicazione: Hà Nội Y học 1976
Soggetti:
Tags: Aggiungi Tag
Nessun Tag, puoi essere il primo ad aggiungerne! !
Thư viện lưu trữ: Trung tâm Học liệu Trường Đại học Cần Thơ
LEADER 00475nam a2200169Ia 4500
001 CTU_46015
008 210402s9999 xx 000 0 und d
082 |a 617.9682 
082 |b Th116 
100 |a Đinh Văn Thắng 
245 0 |a Thủ thuật và phẫu thuật Sản khoa 
245 0 |c Đinh Văn Thắng 
260 |a Hà Nội 
260 |b Y học 
260 |c 1976 
650 |a obstetrics 
980 |a Trung tâm Học liệu Trường Đại học Cần Thơ